000 00308nam a22001337a 4500
008 170529b xxu||||| |||| 00| 0 eng d
020 _a0132505487
041 _aeng
080 _a621.38
100 _a27
101 _aIM
245 _aELECTRONIC DEVICES AND CIRCUIT THEORY
_cBOYLESTAD, R
942 _2udc
_cBK
999 _c14775
_d14775